MARC

LEADER 00000nam0a2200000 4500
001 354646
005 20231102010719.0
035 |a (RuTPU)RU\TPU\retro\11905 
090 |a 354646 
100 |a 20200623d1973 km y0rusy50 ca 
101 0 |a rus 
102 |a RU 
105 |a a z 001zy 
200 1 |a Пиридиновые и хинолиновые основания  |f Д. С. Петренко 
205 |a 2-е изд., доп. и перераб. 
210 |a Москва  |c Металлургия  |d 1973 
215 |a 328 с.  |c ил. 
320 |a Библиогр.: с. 318-327 
606 1 |a Пиридиновые основания  |x Химия  |2 stltpush  |3 (RuTPU)RU\TPU\subj\77623  |9 87750 
606 1 |a Хинолиновые основания  |x Производство  |2 stltpush  |3 (RuTPU)RU\TPU\subj\34409  |9 56361 
610 1 |a применение 
610 1 |a азотсодержащие соединения 
610 1 |a термическое разложение 
610 1 |a угли 
610 1 |a технологические схемы 
610 1 |a улавливание 
610 1 |a аммиак 
610 1 |a хемосорбция 
610 1 |a выделение 
610 1 |a физико-химические свойства 
610 1 |a сульфат аммония 
610 1 |a экстракция 
610 1 |a продукты 
610 1 |a пестициды 
610 1 |a медицинские препараты 
675 |a 547.82  |v 4 
675 |a 665.777  |v 4 
700 1 |a Петренко  |b Д. С.  |g Дмитрий Сергеевич 
801 1 |a RU  |b 63413507  |c 20200623 
801 2 |a RU  |b 63413507  |c 20201214  |g RCR 
942 |c BK